Living Hinduism: Scriptures, Philosophy, Practices (Record no. 23037)

MARC details
000 -LEADER
fixed length control field 00314nam a22001337a 4500
020 ## - INTERNATIONAL STANDARD BOOK NUMBER
ISBN 9789385285806
082 ## - DEWEY DECIMAL CLASSIFICATION NUMBER
Classification number 294.5 SAM
100 ## - MAIN ENTRY--AUTHOR NAME
Author name Samparpan
245 ## - TITLE STATEMENT
Title Living Hinduism: Scriptures, Philosophy, Practices
260 ## - PUBLICATION, DISTRIBUTION, ETC. (IMPRINT)
Place of publication New Delhi
Name of publisher Niyogi Books
Year of publication 2017
300 ## - PHYSICAL DESCRIPTION
Number of Pages 240
650 ## - SUBJECT ADDED ENTRY--TOPICAL TERM
Topical Term Hinduism
942 ## - ADDED ENTRY ELEMENTS (KOHA)
Koha item type Books
Holdings
Collection code Home library Current library Shelving location Date acquired Source of acquisition Cost, normal purchase price Full call number Accession Number Koha item type
Non-fiction Henry Martyn Institute Library Henry Martyn Institute Library General stacks 09/15/2020 Dasgupta Publishers, Kolkata 395.00 294.5 SAM 25711 Books
                   Copyright © 2026 | Henry Martyn Institute | Hyderabad | TS-500052 | INDIA | Implemented by hmi.edu.in
Hit-Count:

Powered by Koha